000 00821nam a22002657a 4500
999 _c4522
_d4522
003 URS
005 20220117120358.0
008 190621b ||||| |||| 00| 0 eng d
020 _a9712320421
040 _erda
_cURS
_beng
050 1 4 _aHM 51
_b.P176 1996
100 _aPalispis, Epitacio S.
245 1 0 _aIntroduction to sociology and anthropology /
_cEpitacio S. Palispis.
264 1 _aManila :
_bRex Book Store,
_c[1996]
264 4 _c©1996
300 _ax, 313 pages ;
_c23 cm
336 _atext
_btxt
_2rdacontent
337 _aunmediated
_bn
_2rdamedia
338 _avolume
_bnc
_2rdacarrier
504 _aIncludes bibliography.
524 _aPalispis, E. S. (1996). Introduction to sociology and anthropology. Manila: Rex Book Store.
650 0 _aAnthropology.
650 0 _aSociology.
942 _2lcc
_cF